000 00891nam a2200205Ia 4500
999 _c38162
_d38162
001 4152
003 GE_BSU
005 20190923162457.0
008 181216s1974||||ge |||||||||||||| ||geo||
040 _cGE_BSU
041 _ageo
080 _a39(479.223) ს–24
245 _aსამხრეთ-დასავლეთ საქართველოს ეთნოლოგიის პრობლემები :
_b N 2 /
_cრობაქიძე, ალ.
264 _aთბილისი :
_bმეცნიერება,
_c1974.
300 _a138 გვ. ;
_b21 სმ.
653 _aსაქართველოს კულტურა და ყოფა
653 _aსაქართველოს ეთნოლოგიის პრობლემები
700 _aრობაქიძე, ალ
_eრედაქტორი
_94244
942 _cBK
_2udc